The New Quantum Universe. (Record no. 5583)

MARC details
000 -LEADER
fixed length control field 00526nam a22001937a 4500
003 - CONTROL NUMBER IDENTIFIER
control field OSt
005 - DATE AND TIME OF LATEST TRANSACTION
control field 20170224150939.0
008 - FIXED-LENGTH DATA ELEMENTS--GENERAL INFORMATION
fixed length control field 170224b xxu||||| |||| 00| 0 eng d
020 ## - INTERNATIONAL STANDARD BOOK NUMBER
International Standard Book Number 0521564573
040 ## - CATALOGING SOURCE
Transcribing agency DDC.
082 ## - DEWEY DECIMAL CLASSIFICATION NUMBER
Classification number 530HEY 2003.
100 ## - MAIN ENTRY--PERSONAL NAME
Personal name Hey,Tony;
9 (RLIN) 11665
245 ## - TITLE STATEMENT
Title The New Quantum Universe.
260 ## - PUBLICATION, DISTRIBUTION, ETC. (IMPRINT)
Place of publication, distribution, etc. Cambridge;
Name of publisher, distributor, etc. Cambridge university Press.
Date of publication, distribution, etc. 2003.
300 ## - PHYSICAL DESCRIPTION
Extent xv,357p;
Other physical details col,ill;
Dimensions 26cm.
504 ## - BIBLIOGRAPHY, ETC. NOTE
Bibliography, etc includes Glossary ,Photo-Credit and index.
650 ## - SUBJECT ADDED ENTRY--TOPICAL TERM
Topical term or geographic name as entry element Physics.
9 (RLIN) 809
942 ## - ADDED ENTRY ELEMENTS (KOHA)
Source of classification or shelving scheme Dewey Decimal Classification
Koha item type Open Shelf
Holdings
Withdrawn status Lost status Source of classification or shelving scheme Damaged status Not for loan Home library Current library Date acquired Source of acquisition Inventory number Total Checkouts Full call number Barcode Date last seen Price effective from Koha item type
    Dewey Decimal Classification     MUST Main Library MUST Main Library 24/02/2017   10/32293   530HEY 2003. 2017-0256 24/02/2017 24/02/2017 Open Shelf
    Dewey Decimal Classification     MUST Main Library MUST Main Library 24/02/2017   11/32848   530HEY 2003. 2017-0257 24/02/2017 24/02/2017 Open Shelf
    Other/Generic Classification Scheme     MUST Main Library MUST Main Library   Purchase 06/26203   530HEY 2003. 2024-20761 18/06/2024   Open Shelf